000 03073nam a22002777a 4500
003 DO-SdBJH
005 20260630203138.0
008 260630b2025 |||d|||| |||| 00| 0 spa d
040 _aDO-SdBJH
_bspa
_cDO-SdBJH
041 0 _aspa
090 _aCT CM-0008
_bAMBC 2025
100 1 _aBeltré Rochttis, Daniel E.
_esustentante
245 1 0 _aPropuesta de creación del banco de sangre en beneficio de los miembros del ERD /
_cDaniel E. Beltré Rochttis, Keinel O. Laureano Sosa ; asesor metodológico Reynaldo Cruz Camacho ; asesor de contenido Andrés Torres Reyes.
260 _aSanto Domingo, República Dominicana :
_bUNADE,
_c2025.
300 _axvi,62, [04] páginas :
_bgráficas.
502 _aTesis y trabajos de grado (Licenciatura en Ciencias Militares)--Universidad Nacional para la Defensa "General Juan Pablo Duarte y Díez", Academia Militar Batalla de las Carreras, Santo Domingo, 2025.
504 _aIncluye referencias bibliográficas y anexos.
505 _aEvolución, el maro legal y doctrinal en la creación y uso de bancos de sangre dentro del Ejército Dominicano para beneficio de sus miembros -- Elementos que componen la creación y gestión de un banco de sangre para los miembros del Ejército Dominicano -- Propuesta de creación del banco de sangre del Ejército de República Dominicana (ERD).
520 _bLa presente investigación tiene como propósito una propuesta para la creación de un banco de sangre en veneficio de los miembros del Ejercito Dominicano (ERD). Se de la necesidad de contar con un sistema seguro, eficiente y sostenible que garantice la disponibilidad inmediata de sangre y hemoderivados en situaciones de emergencia médica. El estudio aborda, en primer lugar la evolución histórica y el marco legal de los bancos de sangre en contextos militares, tanto en la República Dominicana con el ámbito internacional. Posteriormente, se analiza, la situación actual del ERD en cuanto a la gestión sanitaria y sus limitaciones frente a emergencias. Finalmente, se presenta la propuesta estructurada de un banco de sangre militar, considerando aspectos logísticos, legales y de y de capacitación del personal. La investigación se desarrollo con un enfoque cualitativo, utilizando métodos inductivos y analíticos, apoyados en fuentes documentales primarias y secundarias. Entre los resultados esperados se encuentran: el fortalecimiento de la capacidad operativa del ERD, la reducción de la vulnerabilidad en casos de emergencias y la consolidación de un sistema de salud militar más eficiente y resiliente.
650 7 _2lemb
_aBancos de sangre
_vTesis y disertaciones académicas
_xAdministración
_xLegislación
_ySiglo XXI
_zRepública Dominicana
650 7 _2lemb
_aEjército de República Dominicana
_vTesis y disertaciones académicas
_xServicios médicos militares
_xBancos de sangre
_ySiglo XXI
_zRepública Dominicana
700 1 _aLaureano Sosa, Keinel O.
_esustentante
700 1 _aCruz Camacho, Reynaldo
_easesor metodológico
700 1 _aTorres Reyes, Andrés
_easesor de contenido
942 _2CL
_cT
999 _c8730
_d8730